[Event "Bundesliga 2005-6"]
[Site "Godesberg GER"]
[Date "2005.12.11"]
[Round "6"]
[White "Langheinrich,F"]
[Black "Borriss,M"]
[Result "0-1"]
[WhiteElo "2391"]
[BlackElo "2424"]

1.d4 d5 2.c4 e6 3.Nf3 Be7 4.Nc3 Nf6 5.Bf4 O-O 6.e3 c5 7.dxc5 Bxc5 8.cxd5 Nxd5
9.Nxd5 exd5 10.a3 Nc6 11.Bd3 Bb6 12.O-O Bg4 13.Rc1 d4 14.e4 Qf6 15.Bg3 Rfe8
16.h3 Bh5 17.Kh1 Qe7 18.Re1 f6 19.Qb3+ Kh8 20.Bb5 Rad8 21.Nh4 Ba5 22.Nf5 Qd7
23.Rg1 Rxe4 24.Nd6 Re7 25.Qd5 Bc7 26.Bxc6 bxc6 27.Rxc6 Bg6 28.Rxc7 Qxc7 29.Qxd4 Red7
30.Rd1 h6 31.Qg4 Kh7 32.Kh2 Qb6 33.Nc4 Qb5 34.Rxd7 Rxd7 35.Qf4 Bd3 36.Nd6 Qxb2
37.a4 Bg6 38.h4 h5 39.Qe3 Qb4 40.Qe6 Qxa4 41.Nf5 Bf7 42.Qe1 Qd1 43.Qe3 Qd3
44.Qf4 a5 45.Ne3 Qb5 46.Qe4+ Bg6 47.Qa8 a4 48.Qf8 Qd3 49.Bf4 a3 50.Kg3 a2
51.Qa8 Qb1  0-1

[Event "XVIII Carlos Torre Mem Prelim"]
[Site "Merida MEX"]
[Date "2005.12.17"]
[Round "4"]
[White "Nogueiras,J"]
[Black "Corrales,Fi"]
[Result "1-0"]
[WhiteElo "2547"]
[BlackElo "2470"]

1.d4 d5 2.c4 e6 3.Nc3 Be7 4.Nf3 Nf6 5.Bf4 O-O 6.e3 c5 7.dxc5 Bxc5 8.a3 Nc6
9.cxd5 Nxd5 10.Nxd5 exd5 11.Bd3 Bb6 12.O-O d4 13.e4 Bg4 14.h3 Qf6 15.Bh2 Bh5
16.g4 Bg6 17.Nd2 Qe7 18.f4 f6 19.Nf3 Rfe8 20.Re1 Kh8 21.b4 a6 22.Qd2 Rad8
23.Re2 Qf8 24.Bg3 a5 25.b5 Nb8 26.Nh4 Bf7 27.e5 Nd7 28.Rae1 fxe5 29.fxe5 Nc5
30.Kh2 Qg8 31.e6 Rxe6 32.Rxe6 Bxe6 33.Bf5 Qf7 34.Qg5 Bc7 35.Kg1 Re8 36.Bxc7 Qxc7
37.Qh5 g6 38.Nxg6+ Kg8 39.Nf4 Re7 40.Bxh7+ Kf8 41.Rf1 Rf7 42.Qxc5+  1-0

[Event "5th Amplico AIG Life"]
[Site "Warsaw POL"]
[Date "2005.12.17"]
[Round "1"]
[White "Zubov,A UKR"]
[Black "Sobierska,W"]
[Result "1-0"]
[WhiteElo "2493"]
[BlackElo "1976"]

1.d4 d5 2.c4 e6 3.Nc3 Nf6 4.Nf3 Be7 5.Bf4 O-O 6.e3 b6 7.cxd5 exd5 8.Be2 c5
9.Ne5 c4 10.Nxc4 dxc4 11.Bf3 b5 12.Bxa8 Bd7 13.Bf3 b4 14.Ne2 Qa5 15.O-O c3
16.bxc3 bxc3 17.Qb3 Na6 18.Nxc3 Bb4 19.Nd5 Nxd5 20.Qxd5 Qxd5 21.Bxd5 Bb5
22.Rfc1 h6 23.Rab1 Bd3 24.Rb3 Bg6 25.Bb7  1-0

[Event "5th Amplico AIG Life"]
[Site "Warsaw POL"]
[Date "2005.12.17"]
[Round "2"]
[White "Miton,K"]
[Black "Kolosowski,P"]
[Result "1-0"]
[WhiteElo "2636"]
[BlackElo "2285"]

1.d4 d5 2.c4 e6 3.Nc3 Nf6 4.Nf3 Be7 5.Bf4 c6 6.e3 O-O 7.h3 Nbd7 8.c5 Ne4
9.Bd3 f5 10.O-O Bf6 11.Qc2 Qe8 12.Ne2 e5 13.dxe5 Nxe5 14.Nxe5 Bxe5 15.f3 Nf6
16.Qd2 Qe7 17.Rac1 Nd7 18.Bxe5 Nxe5 19.f4 Nd7 20.b4 Nf6 21.Nd4 Ne4 22.Bxe4 dxe4
23.a4 Be6 24.Qc3 Bd5 25.Rfd1 g5 26.fxg5 Qxg5 27.Ne2 f4 28.Nxf4 Rxf4 29.exf4 Qxf4
30.Rf1 Qg5 31.Qf6 Qg3 32.Rf4 h5 33.Rf5 Qe3+ 34.Kh2 Qxc1 35.Qg6+  1-0

[Event "5th Amplico AIG Life"]
[Site "Warsaw POL"]
[Date "2005.12.17"]
[Round "4"]
[White "Moranda,W"]
[Black "Garnelis,J"]
[Result "1-0"]
[WhiteElo "2451"]
[BlackElo "2071"]

1.d4 d5 2.c4 e6 3.Nc3 Nf6 4.Nf3 Be7 5.Bf4 O-O 6.e3 c5 7.dxc5 Bxc5 8.cxd5 Nxd5
9.Nxd5 exd5 10.a3 Nc6 11.Bd3 h6 12.h3 Be6 13.O-O Bd6 14.Qa4 a6 15.Rac1 b5
16.Qd1 Qd7 17.Bxd6 Qxd6 18.Bb1 g6 19.Nd4 Nxd4 20.Qxd4 Rac8 21.Ba2 Rfd8 22.Rfd1 Rxc1
23.Rxc1 h5 24.Rd1 f5 25.Rc1 Kf7 26.Rc5 Rd7 27.b4 Rd8 28.g3 Kg8 29.Qc3 d4
30.Bxe6+ Qxe6 31.exd4 Qe4 32.d5 Qb1+ 33.Kh2 Qa2 34.Kg2 Rxd5 35.Rc8+ Kf7 36.Qc7+ Ke6
37.Re8+  1-0

[Event "5th Amplico AIG Life"]
[Site "Warsaw POL"]
[Date "2005.12.18"]
[Round "9"]
[White "Bartel,Mat"]
[Black "Jasnikowski,Z"]
[Result "1-0"]
[WhiteElo "2513"]
[BlackElo "2405"]

1.d4 Nf6 2.c4 e6 3.Nf3 d5 4.Nc3 Be7 5.Bf4 O-O 6.e3 c5 7.cxd5 exd5 8.dxc5 Bxc5
9.Be2 Nc6 10.O-O a6 11.Rc1 Be7 12.Ne5 Nxe5 13.Bxe5 Be6 14.Qd4 Nd7 15.Nxd5 Bc5
16.Rxc5 Nxc5 17.Nc7 Qxd4 18.exd4 Nd7 19.Bd6 Nf6 20.Bxf8 Rxf8 21.Nxe6 fxe6
22.Bf3 Rd8 23.Rd1 b6 24.Kf1 Kf7 25.Ke2 Ke7 26.Ke3 Rc8 27.Kd3 a5 28.h4 Kd6
29.Re1 Rc7 30.g3 h6 31.Bg2 Nd5 32.Bxd5 Kxd5 33.f4 Kd6 34.a4 Rc8 35.h5 Rc7
36.b3 Rc8 37.g4 Rf8 38.Ke4 Rc8 39.Kd3 Rf8 40.Rf1 Kd5 41.Rf2 Rf7 42.Rf3 Rf8
43.Rf1 Rf7 44.f5 Rf8 45.Re1 exf5 46.Re5+ Kd6 47.gxf5 Rb8 48.Ke4 Kd7 49.Re6 b5
50.Ra6 bxa4 51.bxa4 Rb1 52.Rxa5 Ke7 53.Re5+ Kf7 54.a5 Re1+ 55.Kd5 Ra1 56.Kc6 Rd1
57.Rd5 Ra1 58.Kb6  1-0

[Event "Masters"]
[Site "Berkeley USA"]
[Date "2005.12.19"]
[Round "5"]
[White "Bhat,V"]
[Black "Zavadsky,P"]
[Result "1/2-1/2"]
[WhiteElo "2429"]
[BlackElo "2268"]

1.d4 Nf6 2.c4 e6 3.Nf3 d5 4.Nc3 Be7 5.Bf4 O-O 6.e3 c5 7.dxc5 Bxc5 8.Qc2 Nc6
9.a3 Qa5 10.O-O-O Be7 11.Ng5 Rd8 12.h4 d4 13.Nce4 Nxe4 14.Nxe4 f5 15.Ng5 h6
16.Nf3 e5 17.Bh2 Be6 18.exd4 e4 19.d5 exf3 20.gxf3 Bf6 21.dxc6 Rxd1+ 22.Qxd1 Qb6
23.Qc2 Qxc6 24.Be2 Rc8 25.Re1 b5 26.Bd3 Bxc4 27.Bxf5 Bb3 28.Re8+ Qxe8 29.Qxc8 Qxc8+
30.Bxc8 Bxh4 31.Bg3 Bg5+ 32.f4 Be7 33.Kd2 Bf6 34.Kc1 Bd5 35.Bd7 a6 36.b4 h5
37.Bc8 h4 38.Bh2 Bd4 39.Bg1 Kf7 40.Kd2 Bb2 41.Bxa6 Bc6 42.Bc8 Bxa3 43.Kc3 Bc1
44.Bh2 g5 45.fxg5 Bxg5 46.Bg4 Bf6+ 47.Kd3 Be7 48.Kc3 Bd8 49.Kd3 Bb6 50.Ke2 Kf6
51.Bf3 Bd7 52.Be4 Bd4 53.Kf3 Bc3 54.Bd6 Ke6 55.Bf8 Be5 56.Kg2 Kf6 57.Bh6 Bd6
58.f4 h3+ 59.Kh2 Bf5 60.Bg5+ Kg6  1/2-1/2

[Event "Open"]
[Site "Erandio ESP"]
[Date "2005.12.21"]
[Round "7"]
[White "Epishin,V"]
[Black "Galarza Bilbao,X"]
[Result "1-0"]
[WhiteElo "2574"]
[BlackElo "2135"]

1.d4 d5 2.c4 e6 3.Nc3 Nf6 4.Nf3 Be7 5.Bf4 O-O 6.e3 c5 7.dxc5 Bxc5 8.Qc2 Nc6
9.Rd1 Qa5 10.a3 Ne4 11.cxd5 exd5 12.Rxd5 Nxc3 13.Qxc3 Qxc3+ 14.bxc3 Bxa3
15.Nd4 Be6 16.Nxe6 fxe6 17.Rb5 e5 18.Bg3 Rab8 19.Bc4+ Kh8 20.Bd5 Bd6 21.Ke2 g6
22.Rhb1 Ne7 23.Bxb7 Nf5 24.Bxe5+ Bxe5 25.Rxe5 Nd6 26.Re7 a5 27.Rd7 Nc4 28.Rd4 Ne5
29.Rb5 Rf7 30.Rxe5 Rbxb7 31.f4 Rb2+ 32.Kf3 Ra2 33.Rd8+ Kg7 34.Ra8 a4 35.Rea5 Rc2
36.Rxa4 g5 37.R8a7  1-0

[Event "Harmonie Open A"]
[Site "Groningen NED"]
[Date "2005.12.29"]
[Round "7"]
[White "Van Ketel,R"]
[Black "Gasthofer,A"]
[Result "1/2-1/2"]
[WhiteElo "2271"]
[BlackElo "2418"]

1.d4 d5 2.c4 e6 3.Nc3 Be7 4.Nf3 Nf6 5.Bf4 O-O 6.e3 Nbd7 7.c5 c6 8.Bd3 b6
9.b4 a5 10.a3 Ba6 11.Bxa6 Rxa6 12.O-O Qa8 13.h3 Qb7 14.Rb1 axb4 15.axb4 Ra3
16.Qc2 Rfa8 17.Nd2  1/2-1/2

[Event "Masters"]
[Site "Hastings ENG"]
[Date "2006.01.01"]
[Round "5"]
[White "Williams,Si"]
[Black "Neverov,V"]
[Result "1/2-1/2"]
[WhiteElo "2452"]
[BlackElo "2569"]

1.d4 Nf6 2.c4 e6 3.Nf3 d5 4.Nc3 Be7 5.Bf4 O-O 6.e3 Nbd7 7.a3 c5 8.cxd5 Nxd5
9.Nxd5 exd5 10.dxc5 Nxc5 11.Be2 Bf6 12.Be5 Bxe5 13.Nxe5 Be6 14.O-O Qf6 15.Nd3 Rac8
16.Nxc5 Rxc5 17.b4 Rc3 18.Bf3 Rd8 19.Qa4 d4 20.Qxa7 g5 21.Qb6 Kg7 22.a4 d3
23.a5 d2 24.Bxb7 Ra3 25.Rad1 Bb3 26.Qxf6+ Kxf6 27.h4 Bxd1 28.hxg5+ Kxg5 29.Rxd1 Rb3
30.a6 Rxb4 31.Kf1 Ra4 32.e4 f5 33.Ke2  1/2-1/2

[Event "XXXV Rilton Cup"]
[Site "Stockholm SWE"]
[Date "2006.01.04"]
[Round "8"]
[White "Akesson,R"]
[Black "Lindberg,H"]
[Result "1-0"]
[WhiteElo "2486"]
[BlackElo "2239"]

1.d4 d5 2.c4 e6 3.Nc3 Be7 4.Nf3 Nf6 5.Bf4 O-O 6.e3 b6 7.Rc1 Bb7 8.cxd5 Nxd5
9.Nxd5 Qxd5 10.a3 c5 11.Bc4 Qd8 12.O-O cxd4 13.Nxd4 Bf6 14.Nb5 a6 15.Nd6 Ra7
16.Qe2 Qe7 17.Rfd1 Nc6 18.Nxb7 Qxb7 19.Bd3 e5 20.Bg3 Ne7 21.Qg4 b5 22.h4 g6
23.Rc5 Qd7 24.Qf3 Qe6 25.Bc2 Rc8 26.Rxc8+ Nxc8 27.e4 Nd6 28.Bb3 Nc4 29.h5 gxh5
30.Qxh5 Ra8 31.Rd5 Rd8 32.Bxc4 bxc4 33.Rc5 Qd7 34.Rd5 Qc6 35.Rxe5 Qd7 36.Rd5 Qe6
37.Rf5 Rd3 38.Qg4+ Bg7 39.Qf4 Rd8 40.Qg4 Qg6 41.Rg5 Qh6 42.Bf4 Kf8 43.Rd5 Qb6
44.Be3  1-0

[Event "10th Open"]
[Site "Bad Zwesten GER"]
[Date "2006.01.05"]
[Round "5"]
[White "Donchenko,A"]
[Black "Baramidze,D"]
[Result "1/2-1/2"]
[WhiteElo "2460"]
[BlackElo "2542"]

1.d4 d5 2.Nf3 Nf6 3.c4 e6 4.Nc3 Be7 5.Bf4 O-O 6.e3 b6 7.cxd5 exd5 8.Bd3 c5
9.Rc1 Nbd7 10.O-O Bb7 11.Ne5 Nxe5 12.Bxe5 c4 13.Be2 a6 14.a4 Bc6 15.e4 Nxe4
16.Nxe4 dxe4 17.Bxc4 Qd7 18.d5 Bxa4 19.b3 Bb5 20.Bxb5 Qxb5 21.Qg4 g6 22.Qxe4 Rfe8
23.Ba1 Bf6 24.Qc4 Qxc4 25.bxc4 Bxa1 26.Rxa1 Re4 27.Rfb1 Rxc4 28.Rxb6 Rd4
29.g3 Rxd5  1/2-1/2

[Event "Open"]
[Site "Verona ITA"]
[Date "2006.01.06"]
[Round "6"]
[White "Arlandi,E"]
[Black "Stojanovic,Mih"]
[Result "1/2-1/2"]
[WhiteElo "2439"]
[BlackElo "2522"]

1.d4 d5 2.c4 e6 3.Nc3 Be7 4.Nf3 Nf6 5.Bf4 O-O 6.e3 Nbd7 7.c5 c6 8.Bd3 b6
9.b4 a5 10.a3 Ba6 11.O-O Qc8 12.h3 Qb7  1/2-1/2

[Event "63rd ch-GEO w"]
[Site "Tbilisi GEO"]
[Date "2006.01.09"]
[Round "1"]
[White "Batsiashvili,N"]
[Black "Khurtsidze,N"]
[Result "1/2-1/2"]
[WhiteElo "2304"]
[BlackElo "2430"]

1.d4 d5 2.c4 e6 3.Nf3 Nf6 4.Nc3 Be7 5.Bf4 O-O 6.e3 a6 7.Rc1 dxc4 8.Bxc4 b5
9.Bd3 Bb7 10.a4 b4 11.Nb1 c5 12.dxc5 Qd5 13.O-O Rc8 14.Qe2 Rxc5 15.Nbd2 Nbd7
16.Rcd1 e5 17.e4 Qe6 18.Be3 Rc7 19.Ng5 Qg4 20.f3 Qh5 21.Bc4 Nd5 22.exd5 Bxg5
23.Bf2 Bf4 24.g3 Bxd2 25.Rxd2 Qh6 26.b3 Qd6 27.a5 Rac8 28.Re1 Nf8 29.Red1  1/2-1/2

[Event "Classic"]
[Site "Queenstown NZL"]
[Date "2006.01.23"]
[Round "9"]
[White "Rogers,I"]
[Black "Solomon,SJ"]
[Result "1-0"]
[WhiteElo "2556"]
[BlackElo "2415"]

1.d4 d5 2.c4 e6 3.Nc3 Nf6 4.Nf3 Be7 5.Bf4 O-O 6.e3 c6 7.Qc2 b6 8.Be2 Bb7
9.Rd1 Nbd7 10.O-O Nh5 11.Be5 f5 12.cxd5 cxd5 13.Rc1 Rc8 14.Qa4 a6 15.Qb3 h6
16.Rc2 Nhf6 17.Rfc1 Ne4 18.a3 Nxe5 19.dxe5 Nc5 20.Qa2 Qd7 21.Nd4 b5 22.Ncxb5 axb5
23.Bxb5 Qd8 24.b4 Qb6 25.bxc5 Rxc5 26.Bd7 Bc8 27.Rxc5 Bxc5 28.Nxe6 Bxe3 29.Rxc8 Rxc8
30.Bxc8 f4 31.h4 Qc6 32.fxe3 fxe3 33.Nf4  1-0

[Event "Gibtelecom Masters"]
[Site "Gibraltar ENG"]
[Date "2006.01.24"]
[Round "1"]
[White "Kunte,A"]
[Black "Mohota,N"]
[Result "1-0"]
[WhiteElo "2551"]
[BlackElo "2318"]

1.d4 d5 2.c4 e6 3.Nf3 Nf6 4.Nc3 Be7 5.Bf4 O-O 6.e3 c5 7.dxc5 Bxc5 8.a3 Nc6
9.Qc2 Qa5 10.Nd2 Be7 11.Bg3 Bd7 12.Be2 Qb6 13.cxd5 exd5 14.Rd1 Be6 15.Qb3 Qxb3
16.Nxb3 Rfd8 17.Nb5 Rac8 18.N5d4 Nxd4 19.Nxd4 Ne4 20.Bd3 Bf6 21.f3 Nc5 22.Bc2 Nd7
23.Bd3 Nc5 24.Bc2 Nd7 25.Kd2 Nb6 26.b3 Be7 27.a4 Bb4+ 28.Ke2 a6 29.Be1 Bc5
30.Bb1 Nd7 31.Bc3 Nb8 32.Bb2 Nc6 33.Rc1 Nxd4+ 34.Bxd4 Bxd4 35.exd4 a5 36.Kd2 h6
37.f4 f6 38.Bg6 Kf8 39.Rhe1 Rxc1 40.Rxc1 Rc8 41.Re1 Bf7 42.Bd3 Rc7 43.b4 axb4
44.Rb1 Ke7 45.Rxb4 Be8 46.a5 Bd7 47.Rb6 Bc6 48.Bc2 Rc8 49.Bd3 Rc7 50.f5 Kd7
51.Ke3 Rc8 52.Bb5 Kc7 53.Bxc6 bxc6 54.Rb3 Ra8 55.Ra3 Kb7 56.Kd3 Kc7 57.Kd2 Rb8
58.Rg3 Rg8 59.Kc3 Kd6 60.Kd2 c5 61.dxc5+ Kxc5 62.Ra3 Kb4 63.Ra1 Kb5 64.a6 Kb6
65.a7 Kb7 66.Kd3 Ka8 67.Ra6 g6 68.Rxf6 gxf5 69.g3 h5 70.Rh6 Rg5 71.Rh7 Rg4
72.Rxh5 f4 73.Rh4 Rg5 74.Rxf4 Kxa7 75.g4 Kb6 76.Kd4 Kc6 77.h4 Rg8 78.g5  1-0

[Event "ch-Kyiv"]
[Site "Kyiv UKR"]
[Date "2006.01.26"]
[Round "3"]
[White "Shumilov,I"]
[Black "Kalinkin,B"]
[Result "0-1"]
[WhiteElo "2098"]
[BlackElo "2231"]

1.d4 Nf6 2.c4 e6 3.Nf3 d5 4.Nc3 Be7 5.Bf4 c6 6.e3 Nbd7 7.Qc2 O-O 8.Rc1 Re8
9.Bd3 Nf8 10.h3 Ng6 11.Bh2 dxc4 12.Bxc4 Bd6 13.Bxd6 Qxd6 14.O-O Nd5 15.Rfd1 Nxc3
16.Qxc3 Bd7 17.e4 Rad8 18.e5 Qe7 19.Qe3 Bc8 20.Ng5 Qb4 21.Bb3 Re7 22.Ne4 Red7
23.Nd6 Ne7 24.Qg5 Qa5 25.Rd3 Rxd6 26.Rg3 Nf5 27.exd6 h6 28.Qh5 Qd2 29.Rgc3 Rxd6
30.R3c2 Qxd4 31.Re2 Ng3 32.Qf3 Nxe2+ 33.Qxe2 Qd2 34.Qc4 Qxb2 35.Rc3 Qd2 36.Rf3 b6
37.Qg4 Ba6 38.Rg3 Qd4 39.Qh5 Qf4 40.Rf3 Qc1+ 41.Kh2 g6 42.Qe5 Qc5 43.Qf6 Rd7
44.Bxe6 Qd6+  0-1

[Event "14th FAJR Open"]
[Site "Tehran IRI"]
[Date "2006.01.27"]
[Round "4"]
[White "Moradiabadi,E"]
[Black "Noori,Am"]
[Result "1-0"]
[WhiteElo "2470"]
[BlackElo "2186"]

1.d4 d5 2.c4 e6 3.Nc3 Nf6 4.Nf3 Be7 5.Bf4 c5 6.dxc5 Bxc5 7.e3 Nc6 8.a3 O-O
9.Qc2 Qa5 10.Nd2 Qd8 11.Nb3 Be7 12.O-O-O Bd7 13.g4 Rc8 14.Kb1 Na5 15.g5 Nh5
16.Nxa5 Qxa5 17.Be5 f6 18.gxf6 Nxf6 19.Rg1 Be8 20.cxd5 exd5 21.Qb3 Bf7 22.Qxb7 Bxa3
23.Bxf6 g6 24.Qa6 Qxa6 25.Bxa6 Rc6 26.Bd4 Rxa6 27.bxa3 Be6 28.f4 Rxa3 29.Kc2 Bf5+
30.Kd2 Rb8 31.Ke1 a5 32.Nxd5 Kf7 33.Nf6 h5 34.e4 Be6 35.Rg2 a4 36.Rc2 Rb7
37.Rdc1 Bb3 38.Rc7+ Rxc7 39.Rxc7+ Ke6 40.Rc6+ Kf7 41.f5 gxf5 42.exf5 Kg7
43.Rc7+ Bf7 44.Ng4+  1-0

[Event "14th FAJR Open"]
[Site "Tehran IRI"]
[Date "2006.01.28"]
[Round "6"]
[White "Moradiabadi,E"]
[Black "Rafiei,A1"]
[Result "1-0"]
[WhiteElo "2470"]
[BlackElo "2233"]

1.d4 d5 2.c4 e6 3.Nc3 Be7 4.Nf3 Nf6 5.Bf4 O-O 6.e3 Nbd7 7.cxd5 exd5 8.Bd3 c6
9.Rc1 Re8 10.O-O Nf8 11.Ne5 Ne6 12.Bg3 g6 13.h3 Ng7 14.Na4 Bf5 15.Be2 Ne4
16.Bh2 f6 17.Nd3 Bd6 18.Bxd6 Qxd6 19.Nac5 Re7 20.Nxe4 dxe4 21.Nc5 Kh8 22.Qa4 Bc8
23.Rfd1 Qd5 24.Qb4 a5 25.Qa3 Nf5 26.Na4 Qd8 27.Qc5 Be6 28.Nb6 Rb8 29.d5 cxd5
30.Nxd5 Rd7 31.Nb6 Rxd1+ 32.Rxd1 Qe8 33.Qxa5 Rd8 34.Rxd8 Qxd8 35.a3 Kg7 36.Qb4 Qc7
37.Nc4 Qc6 38.a4 h5 39.Bf1 Qd5 40.Nd2 Nd6 41.b3 Qe5 42.Qb6 g5 43.b4 Qd5 44.Nb3 Qd1
45.Nd4 Bc4 46.Qxd6 Qxf1+ 47.Kh2 Qxf2 48.Qe7+ Kg8 49.Qe8+ Kg7 50.Qxe4 h4 51.Nf5+ Kf7
52.Qxc4+  1-0

[Event "65th ch-GEO"]
[Site "Tbilisi GEO"]
[Date "2006.01.30"]
[Round "8"]
[White "Kacheishvili,G"]
[Black "Morchiashvili,B"]
[Result "1-0"]
[WhiteElo "2599"]
[BlackElo "2370"]

1.c4 e6 2.Nc3 d5 3.d4 Be7 4.Nf3 Nf6 5.Bf4 O-O 6.e3 c5 7.dxc5 Bxc5 8.cxd5 Nxd5
9.Nxd5 exd5 10.a3 Nc6 11.Bd3 Bb6 12.O-O d4 13.e4 Bg4 14.h3 Bh5 15.Rc1 f6
16.Bc4+ Kh8 17.Bd5 Rc8 18.Qd3 Qd7 19.Bg3 Rfd8 20.b4 Ne7 21.Bc4 Bxf3 22.Qxf3 Bc7
23.Bxc7 Rxc7 24.Be6 Qd6 25.Rxc7 Qxc7 26.Rd1 Qc6 27.Ba2 Qc2 28.Bd5 Nxd5 29.Rxd4 Qb2
30.Rxd5 Qc1+ 31.Kh2 Qc7+ 32.g3 Re8 33.Qg4 Qc2 34.Kg2 h6 35.Rd4 Qc6 36.h4 a6
37.h5 b6 38.Qf3 a5 39.bxa5 bxa5 40.Qf5 Qc3 41.Qb5 Ra8 42.Qd5 Re8 43.a4 Qc7
44.Rc4 Qb6 45.Qf7 Rd8 46.Rc7 Rg8 47.Qc4 Qb8 48.Rc5 Re8 49.Rxa5 Qb1 50.f3 Qe1
51.Rc5 Rd8 52.Kh3 Qh1+ 53.Kg4 g6 54.hxg6  1-0

[Event "ch-Serbia"]
[Site "Vrnjacka Banja SCG"]
[Date "2006.02.04"]
[Round "8"]
[White "Abramovic,B"]
[Black "Lajthajm,B"]
[Result "1/2-1/2"]
[WhiteElo "2507"]
[BlackElo "2464"]

1.d4 Nf6 2.Nf3 e6 3.c4 d5 4.Nc3 Be7 5.Bf4 dxc4 6.e3 a6 7.Bxc4 b5 8.Be2 Nbd7
9.Ne5 Nxe5 10.Bxe5 O-O 11.Bf3 Ra7 12.O-O c5 13.dxc5 Nd7  1/2-1/2

[Event "Open"]
[Site "Moscow RUS"]
[Date "2006.02.06"]
[Round "9"]
[White "Najer,E"]
[Black "Rychagov,A"]
[Result "1/2-1/2"]
[WhiteElo "2652"]
[BlackElo "2509"]

1.d4 d5 2.c4 e6 3.Nc3 Nf6 4.Nf3 Be7 5.Bf4 O-O 6.e3 c5 7.dxc5 Bxc5 8.Qc2 Nc6
9.a3 Qa5 10.Nd2 Be7 11.Bg3 Bd7 12.Be2 Rfc8 13.O-O Qd8 14.Qd3 Be8 15.Rfd1 Na5
16.cxd5 Nxd5 17.Nxd5 Qxd5 18.Qxd5 exd5 19.b4 Nc4 20.Bg4 Rc6 21.Nxc4 dxc4
22.Bf3 Rb6 23.Bc7 Ba4 24.Bxb6 Bxd1 25.Bxb7 Rb8 26.Bd4 Bb3 27.Bd5 a5 28.bxa5 c3
29.Be4 c2 30.a6 Rc8 31.g3 c1=Q+ 32.Rxc1 Rxc1+ 33.Kg2 Bxa3 34.a7 Rc8 35.Bb7 Rf8
36.f4 Bd6 37.h3 h6 38.a8=Q Rxa8 39.Bxa8  1/2-1/2

[Event "ch-CUB sf"]
[Site "Santa Clara CUB"]
[Date "2006.02.07"]
[Round "3"]
[White "Valdes,Lu"]
[Black "Hernandez,Rom"]
[Result "1-0"]
[WhiteElo "2372"]
[BlackElo "2371"]

1.d4 Nf6 2.c4 e6 3.Nc3 d5 4.Nf3 Be7 5.Bf4 O-O 6.e3 c5 7.dxc5 Bxc5 8.Qc2 Nc6
9.Be2 dxc4 10.Bxc4 Bd7 11.O-O Be7 12.Rad1 Qa5 13.a3 Rac8 14.Be2 Qf5 15.Qxf5 exf5  1-0

[Event "ch-CUB sf"]
[Site "Santa Clara CUB"]
[Date "2006.02.09"]
[Round "5"]
[White "Vera,R"]
[Black "Corrales,Fi"]
[Result "1/2-1/2"]
[WhiteElo "2497"]
[BlackElo "2468"]

1.d4 d5 2.c4 e6 3.Nc3 Be7 4.Nf3 Nf6 5.Bf4 O-O 6.e3 c5 7.dxc5 Bxc5 8.a3 Nc6
9.Rc1 d4 10.Nxd4 Nxd4 11.b4 Re8 12.Be5 Nc6 13.Qxd8  1/2-1/2

[Event "ch-CUB sf"]
[Site "Santa Clara CUB"]
[Date "2006.02.11"]
[Round "7"]
[White "Nogueiras,J"]
[Black "Corrales,Fi"]
[Result "1/2-1/2"]
[WhiteElo "2554"]
[BlackElo "2468"]

1.c4 e6 2.Nc3 d5 3.d4 Be7 4.Nf3 Nf6 5.Bf4 O-O 6.e3 c5 7.dxc5 Bxc5 8.Qc2 Nc6
9.a3 Qa5 10.Nd2 Be7 11.Bg3 Bd7 12.Be2 Rfc8 13.Rd1 Qd8 14.Qd3 Be8 15.O-O d4
16.Nb5 dxe3 17.Qxe3 Qb6 18.Nc7 Qxb2 19.Nxa8 Rxa8 20.Nb1 Qb6 21.Qxb6 axb6
22.Nc3 Rxa3 23.Nb5 Ra2 24.Bf3 Ra4 25.Ra1 Rxc4 26.Ra8 g5 27.Nc7 Kf8 28.Bxc6 Rxc6
29.Rd1 Rc5 30.h4 h6 31.hxg5 hxg5 32.Nxe8 Nxe8 33.Rd7 f5 34.Rxb7 f4 35.Bxf4 gxf4
36.Rbb8 Kf7 37.Rxe8 Rc2 38.f3 b5 39.Rec8 Rd2 40.Rab8 b4  1/2-1/2

[Event "Aeroflot Open"]
[Site "Moscow RUS"]
[Date "2006.02.12"]
[Round "5"]
[White "Jobava,Ba"]
[Black "Rustemov,A"]
[Result "1-0"]
[WhiteElo "2614"]
[BlackElo "2573"]

1.d4 d5 2.Nf3 Nf6 3.c4 e6 4.Nc3 Be7 5.Bf4 O-O 6.e3 c5 7.dxc5 Bxc5 8.cxd5 Nxd5
9.Nxd5 exd5 10.Bd3 Bb4+ 11.Kf1 Bd6 12.Bg3 Nc6 13.e4 dxe4 14.Bxe4 Be7 15.Qe2 Be6
16.h4 Re8 17.Ng5 Bxg5 18.Bxh7+ Kf8 19.hxg5 g6 20.Qf3 Nd4 21.Qa3+ Re7 22.Bxg6 fxg6
23.Rh8+ Bg8 24.Rd1 Kg7 25.Rh4 Bc4+ 26.Kg1 Ne2+ 27.Kh2 Qf8 28.Qc5 Rae8 29.Qxc4 Qf5
30.Bd6 Re4 31.Rxe4 Rxe4 32.Qc7+ Kg8 33.Qb8+ Kg7 34.Qxb7+ Kg8 35.Qb8+ Kg7
36.Qxa7+ Kg8 37.Qb8+ Kg7 38.Qc7+ Kg8 39.Bg3  1-0

[Event "Aeroflot Open"]
[Site "Moscow RUS"]
[Date "2006.02.13"]
[Round "6"]
[White "Moiseenko,A1"]
[Black "Savchenko,B"]
[Result "1-0"]
[WhiteElo "2657"]
[BlackElo "2569"]

1.d4 Nf6 2.c4 e6 3.Nf3 d5 4.Nc3 Be7 5.Bf4 O-O 6.e3 b6 7.Bd3 Bb7 8.cxd5 exd5
9.O-O c5 10.Ne5 Na6 11.Qf3 Nc7 12.Rad1 cxd4 13.exd4 Ne6 14.Be3 Bb4 15.Qh3 Bc8
16.Nc6 Qd6 17.Nxb4 Qxb4 18.Nxd5  1-0

[Event "TCh-BEL 2005-6"]
[Site "Belgium BEL"]
[Date "2006.02.19"]
[Round "9"]
[White "Goormachtigh,J"]
[Black "Vandersmissen,M"]
[Result "1/2-1/2"]
[WhiteElo "2231"]
[BlackElo "2172"]

1.d4 Nf6 2.c4 e6 3.Nf3 d5 4.Nc3 Be7 5.Bf4 O-O 6.e3 c5 7.dxc5 Bxc5 8.Qc2 Nc6
9.a3 Qe7 10.Rd1 Rd8 11.Be2 dxc4 12.Rxd8+ Qxd8 13.Bxc4 Bd7 14.O-O Rc8 15.Rd1 Be7
16.e4 Na5 17.Ba2 Nh5 18.Be3 Qc7 19.Bxa7 Bb5 20.Bd4 Ba6 21.Be5 Qb6 22.b4 Nc4
23.Bxc4 Bxc4 24.Nd2 Ba6 25.Nb3 Bf6 26.Bxf6 gxf6 27.Qd2 Qc7 28.Nc5 b6 29.Nxa6 Qxc3
30.Qxc3 Rxc3 31.Ra1 Nf4 32.a4 Rc4 33.a5 bxa5 34.bxa5 Rxe4 35.Nc7 Rc4 36.a6 Rxc7
37.a7 Rxa7 38.Rxa7 Kg7 39.g3 Nd5 40.Kg2 f5 41.Kf3 Kg6 42.Ke2 h5 43.Kd3 f4
44.Ke4 fxg3 45.hxg3 Kf6 46.Ra8 Kg6 47.Ke5 Nf6 48.f3 Nd7+ 49.Kd6 Nf6 50.Rd8 Kg7
51.Rc8 Nd5 52.Ke5 Ne7 53.Rc1 Ng6+ 54.Kd6 h4 55.Rg1 Kf6 56.gxh4 Nxh4 57.Rg4  1/2-1/2

[Event "EU-chT Seniors"]
[Site "Dresden GER"]
[Date "2006.02.20"]
[Round "4"]
[White "Karl,H"]
[Black "Kool,G"]
[Result "1-0"]
[WhiteElo "2244"]
[BlackElo "2126"]

1.d4 Nf6 2.c4 e6 3.Nc3 d5 4.Nf3 Be7 5.Bf4 O-O 6.e3 b6 7.Bd3 dxc4 8.Bxc4 Bb7
9.O-O Nbd7 10.Qe2 Nd5 11.Bg3 N7f6 12.Nxd5 exd5 13.Bd3 Ne4 14.Be5 f6 15.Bg3 Bd6
16.Rac1 Re8 17.Nd2 Bxg3 18.hxg3 Re7 19.Nxe4 dxe4 20.Bc4+ Bd5 21.Qh5 Bxc4
22.Rxc4 c5 23.dxc5 Re5 24.Qe2 bxc5 25.Qc2 Qe7 26.Rc1 Rd8 27.Rd1 f5 28.g4 Red5
29.Rxd5 Rxd5 30.gxf5 Qd6 31.g3 Rd1+ 32.Kg2 Rd2 33.Qxe4 Kf7 34.Ra4 Qc7 35.Qe6+ Kf8
36.Re4 Rd8 37.f6 Qd7 38.Qe7+  1-0

[Event "EU-chT Seniors"]
[Site "Dresden GER"]
[Date "2006.02.23"]
[Round "7"]
[White "Korchnoi,V"]
[Black "Baumbach,F"]
[Result "1-0"]
[WhiteElo "2608"]
[BlackElo "2262"]

1.d4 d5 2.c4 e6 3.Nc3 Nf6 4.Nf3 Be7 5.Bf4 O-O 6.e3 c5 7.dxc5 Qa5 8.a3 dxc4
9.Bxc4 Qxc5 10.Bd3 Nc6 11.Rc1 Qa5 12.Nd2 Nd5 13.Nxd5 exd5 14.Qc2 h6 15.O-O Be6
16.Qd1 Rfd8 17.Nb3 Qb6 18.Nd4 Qxb2 19.Rb1 Qxa3 20.Nb5 Qc5 21.Nc7 Rab8 22.Rb5 Qc3
23.Nxe6 fxe6 24.Bxb8 Rxb8 25.Qb1 Nd8 26.e4 a6 27.Rb3 Qe5 28.exd5 exd5 29.Re1 Qf6
30.Bxa6 Bc5 31.Rf3  1-0

[Event "III GM-Tage"]
[Site "Pulvermuehle GER"]
[Date "2006.02.25"]
[Round "1"]
[White "Gustafsson,J"]
[Black "Baramidze,D"]
[Result "1-0"]
[WhiteElo "2614"]
[BlackElo "2554"]

1.d4 d5 2.c4 e6 3.Nf3 Nf6 4.Nc3 Be7 5.Bf4 O-O 6.e3 c6 7.a3 b6 8.Bd3 Nbd7
9.O-O Bb7 10.cxd5 exd5 11.Ne5 Re8 12.Rc1 Nxe5 13.Bxe5 Bd6 14.f4 Qe7 15.Rf3 g6
16.Qe1 Nd7 17.Qg3 Nf8 18.h4 f6 19.Bxd6 Qxd6 20.h5 Kf7 21.hxg6+ hxg6 22.Kf2 Re7
23.Rh1 f5 24.Qg5 Bc8 25.Rh8 Bd7 26.Rfh3 Qf6 27.R3h7+ Nxh7 28.Rxh7+ Ke6 29.Bxf5+ gxf5
30.Rh6 Rf8 31.e4 dxe4 32.Nxe4 Ref7 33.Nxf6 Rxf6 34.g4 Rxh6 35.Qxh6+ Rf6 36.gxf5+ Kf7
37.Qh7+ Ke8 38.Qg8+ Rf8 39.Qg6+ Ke7 40.Qg7+ Rf7 41.Qe5+ Kf8 42.f6 Be8 43.f5 Rh7
44.a4 Rf7 45.b4 Rh7 46.Kg3 Rf7 47.Qd6+ Kg8 48.Kf4 Rd7 49.Qe6+ Kf8 50.Ke4 Rh7
51.Ke5 Rf7 52.Qd6+ Kg8 53.Qb8 Kf8 54.b5 cxb5 55.axb5 Rd7 56.d5  1-0

[Event "1st ONGC Cup"]
[Site "Hyderabad IND"]
[Date "2006.02.28"]
[Round "4"]
[White "Gupta,Ab"]
[Black "Arun Prasad,S"]
[Result "1/2-1/2"]
[WhiteElo "2434"]
[BlackElo "2384"]

1.d4 d5 2.c4 e6 3.Nc3 Be7 4.Nf3 Nf6 5.Bf4 O-O 6.e3 c5 7.dxc5 Bxc5 8.a3 Nc6
9.Qc2 Qa5 10.Nd2 Be7 11.Be2 d4 12.Nb3 Qd8 13.Nxd4 Nxd4 14.exd4 Qxd4 15.Bg3 Bd7
16.Rd1 Qb6 17.b4 Rac8 18.Be5 Rfd8 19.O-O a5 20.c5 Qa7 21.Bd4 Qb8 22.Qb2 Be8
23.h3 axb4 24.axb4 e5 25.Be3 h6 26.Qb3 e4 27.Qc4 Qe5 28.Bd4 Qf5 29.Bxf6 Qxf6
30.Nxe4 Qe5 31.f4 Qc7 32.Nc3 Bc6 33.Bh5 Bf8 34.Nd5 Bxd5 35.Rxd5 Rxd5 36.Qxd5 b6
37.cxb6 Qxb6+ 38.Kh1 g6 39.Be2  1/2-1/2